LIBRARY & INFORMATION CENTRE, KCAET, TAVANUR

ONLINE PUBLIC ACCESS CATALOGUE (OPAC)

Bhashabharatham: Virata parvam / IIl (Record no. 15884)

MARC details
000 -LEADER
fixed length control field 00382cam a2200133ua 4500
003 - CONTROL NUMBER IDENTIFIER
control field OSt
008 - FIXED-LENGTH DATA ELEMENTS--GENERAL INFORMATION
fixed length control field 191022b ||||| |||| 00| 0 eng d
082 ## - DEWEY DECIMAL CLASSIFICATION NUMBER
Classification number 894.8121
Item number KUN/BH
100 ## - MAIN ENTRY--AUTHOR NAME
Personal name Kunhukuttan, Thampuran .
245 ## - TITLE STATEMENT
Title Bhashabharatham: Virata parvam / IIl
260 ## - PUBLICATION, DISTRIBUTION, ETC. (IMPRINT)
Place of publication Thrissur :
Name of publisher Vallathole Printing and Publishing House ,
Year of publication 1954.
300 ## - PHYSICAL DESCRIPTION
Number of Pages 577 ; .
942 ## - ADDED ENTRY ELEMENTS (KOHA)
Koha item type Books
Holdings
Withdrawn status Lost status Damaged status Home library Current library Date acquired Cost, normal purchase price Full call number Accession Number Koha item type
Withdrawn     KAUAET KAUAET 23/10/2019 12.00 894.8121 KUN/BH 492 Books
free website counter